00366nam a2200133Ia 4500003000400000005001700004008004100021040001800062041000800080100004000088110001500128245006900143260002000212OSt20230601144656.0211028s2013 xx 000 0 und d cAIMIT LIBRARY aeng aShet, Srijana; Ganna, Ravi.e111935 aRavi Ganna aSearch and report tool generator: data extraction and downloads. aMangalorec2013